00370nam a2200157Ia 45000010006000000050017000060080041000230410008000640820015000721000024000872450044001112600009001553000032001646500008001966540008002041434620260306164907.0260306t1998||||xx |||||||||||||| ||spa|| aESP a512.5bB24 aBarbolla, RosaeAUT 0aÁlgebra lineal y teoría de matrices c1998 axi, 529 páginas :c24 cm. aGEN aCMA